Podnikanie na Slovensku

Z obsahu: Z tohtoročného balíka Phare dostanú malí a strední podnikatelia pätinu prostriedkov. Za podnikateľov môže na Slovensku lobbovať iba nezávislá organizácia, a tej zatiaľ niet, hovoria britskí odborníci.

Gespeichert in:
Bibliographische Detailangaben
1. Verfasser: Šporer, P.
Format: Buchkapitel
Sprache:Slowakisch
Schlagworte:
Tags: Tag hinzufügen
Keine Tags, Fügen Sie das erste Tag hinzu!

MARC

LEADER 00000naa a2200000 4500
001 r027201
005 20230921081130.9
041 0 |a slo 
044 |a SK 
245 1 0 |a Podnikanie na Slovensku  |c P. Šporer 
520 |a Z obsahu: Z tohtoročného balíka Phare dostanú malí a strední podnikatelia pätinu prostriedkov. Za podnikateľov môže na Slovensku lobbovať iba nezávislá organizácia, a tej zatiaľ niet, hovoria britskí odborníci. 
610 2 0 |a podnikanie 
610 2 0 |a podnikatelia 
610 2 0 |a podpora podnikania 
610 2 0 |a lobizmus 
610 2 0 |a PHARE 
610 2 0 |a Slovensko 
100 1 |a Šporer, P.